LEADER 00430nab a2200145 i 4500 001 000000276392 003 CaOOAMICUS 005 20111205000000.0 008 111205n xx uu u0 0und r 013 $a26020 040 $aSeMil$bita 245 10$a[SENZA TITOLO]. 500 $aJANVIER-MARS 2011. 773 0 $t[2011 : Janvier-Juin].$dToulouse : École de Théologie, 2011.$w()209093 996 $6245$a[SENZA TITOLO]$9(OLS)http://semarc/title/354609 LEADER 01265nam a2200241 4500 001 000000354413 003 CaOOAMICUS 005 20230623142149.0 008 230623s1906 it 000 u ita r 040 $aSeMil$bita 100 1 $aDe Amicis, Pietro Maria,$c.$0(OLS)http://semarc/name/10736 245 13$aIl cerimoniale completo per le chiese parrocchiali, collegiate e cattedrali :$besposto secondo i più recenti decreti della Sacra Congregazione de' Riti /$cPietro Maria De Amicis. 250 $a2. Ed. corretta ed aumentata 264 1$aRoma :$bDesclée, Lefebvre,$c1906. 300 $a4 v. ;$c23 cm 650 4$aChiesa - Liturgia.$0(OLS)http://semarc/subject/9365 774 0 $tVol. 1.$dRoma : Desclée, Lefebvre, 1906.$w()354415 774 0 $tVol. 2.$dRoma : Desclée, Lefebvre, 1906.$w()354416 774 0 $tVol. 3.$dRoma : Desclée, Lefebvre, 1906.$w()354418 774 0 $tVol. 4.$dRoma : Desclée, Lefebvre, 1906.$w()354419 996 $6245$aIl cerimoniale completo per le chiese parrocchiali, collegiate e cattedrali :$besposto secondo i più recenti decreti della Sacra Congregazione de' Riti$9(OLS)http://semarc/title/444553 996 $6264$aRoma :$bDesclée, Lefebvre$9(OLS)http://semarc/publisher/30319